000 01350nam a2200205Ii 4500
008 221202s xx 000 0 und d
100 1 _aBigsby, Christopher,
_eauthor
245 0 _aStaging America
246 _aTwenty-First-Century Dramatists
264 _bBloomsbury Academic
_c2019
300 _a1 online resource
336 _atext
_btxt
_2rdacontent
337 _acomputer
_bc
_2rdamedia
338 _aonline resource
_bcr
_2rdacarrier
520 _aA new generation of playwrights, whose careers began in this century, has emerged, and done so when American theatre and society was changing. Capturing the cultural shifts of 21st-century America, Staging America explores the lives and works of 8 award-winning playwrights : including Ayad Akhtar, Stephen Adly Guirgis, Young Jean Lee and Quiara Alllegría Hudes : whose backgrounds reflect the social, religious, sexual and national diversity of American society. Each chapter is devoted to a single playwright and provides an overview of their career, a description and critical evaluation of their work, as well as a sense of their reception.
653 _aDrama
653 _aLiterary Criticism
856 _uhttps://docs.google.com/spreadsheets/d/1yKIrdCPDAG_9c22mwoOIO2DOhtj65Wqa/edit?usp=sharing&ouid=106555315294820607512&rtpof=true&sd=true
_yList of Curated E-Books
942 _cE-BOOK
999 _c96767
_d96764